[Event "Belgrade tt Cup"]
[Site "Belgrade"]
[Date "2003.04.07"]
[Round "4"]
[White "Tosic, Dejan"]
[Black "Trailovic, Aleksandar"]
[Result "1/2-1/2"]
[WhiteElo "2172"]
[BlackElo "2039"]
[PlyCount "80"]
[EventDate "2003.04.04"]
[EventType "team"]
[EventRounds "5"]
[EventCountry "YUG"]
[SourceTitle "CBM 093 Extra"]
[Source "ChessBase"]
[SourceDate "2003.05.09"]
[SourceVersion "1"]
[SourceVersionDate "2003.05.09"]
[SourceQuality "1"]

1. e4 e5 2. Nf3 Nc6 3. Nc3 Nf6 4. d4 exd4 5. Nxd4 Bb4 6. Nxc6 bxc6 7. Bd3 h6 8. e5 Nd5 9. Qg4 Kf8 10. 0-0 Qe7 11. Bd2 Bxc3 12. bxc3 Qxe5 13. Rae1 Qf6 14. c4 d6 15. Qe4 Ne7 16. Bc3 d5 17. cxd5 cxd5 18. Bxf6 dxe4 19. Bxe4 gxf6 20. Bxa8 Ba6 21. Rb1 Bxf1 22. Rb8+ Kg7 23. Rxh8 Kxh8 24. Kxf1 Kg7 25. Ke2 Kf8 26. Kd3 Ke8 27. Kc4 Kd7 28. Bd5 Nxd5 29. Kxd5 c6+ 30. Ke4 Ke6 31. g4 f5+ 32. gxf5+ Ke7 33. Ke5 f6+ 34. Kd4 Kd6 35. Kc4 Kd7 36. Kc5 Kc7 37. Kd4 Kd6 38. Ke4 Ke7 39. a3 Ke8 40. Kd3 Kd7 1/2-1/2

[Event "Belgrade tt Cup"]
[Site "Belgrade"]
[Date "2003.04.05"]
[Round "2"]
[White "Nikolic, Marko"]
[Black "Tosic, Dejan"]
[Result "1-0"]
[WhiteElo "2040"]
[BlackElo "2172"]
[PlyCount "69"]
[EventDate "2003.04.04"]
[EventType "team"]
[EventRounds "5"]
[EventCountry "YUG"]
[SourceTitle "CBM 093 Extra"]
[Source "ChessBase"]
[SourceDate "2003.05.09"]
[SourceVersion "1"]
[SourceVersionDate "2003.05.09"]
[SourceQuality "1"]

1. e4 e5 2. Nf3 Nc6 3. d4 exd4 4. Bc4 Nf6 5. 0-0 Nxe4 6. Re1 d5 7. Bxd5 Qxd5 8. Nc3 Qa5 9. Nxe4 Be6 10. Bg5 Bb4 11. Re2 0-0 12. a3 Bd6 13. Nxd6 cxd6 14. Bf4 Bg4 15. Qd3 Ne5 16. Qb3 Nxf3+ 17. gxf3 Qf5 18. Re4 Qg6 19. Bg3 Bf5 20. Rxd4 Bxc2 21. Qxb7 Rab8 22. Qxa7 Rxb2 23. Rxd6 Qf5 24. Re1 Qxf3 25. Qe7 Qa8 26. Rd7 Bg6 27. Bd6 Rbb8 28. Bxb8 Qxb8 29. Red1 Qf4 30. Qe3 Qg4+ 31. Qg3 Qe6 32. Rd8 h6 33. Rxf8+ Kxf8 34. Qb8+ Ke7 35. Qc7+ 1-0